Zgadnij postać z Niesamowitego świata Gumballa po zdjęciu #1 - Statystyki

Ogólne statystyki
  • Ten quiz został rozwiązany 99 razy
  • Średni wynik to 9 z 12
Statystyki odpowiedzi
Obrazkowy Odpowiedź % Poprawnych
Darwin
100%
Gumball
100%
Richard
95%
Anais
89%
Nicole
87%
Penny
83%
Alan
82%
Banana Joe
78%
Tobias
78%
Jojo
59%
Clayton
54%
Louie
30%
Nie znaleziono quizów pasujących do podanych kryteriów
Rozkład punktacji
Procent ludzi z każdym wynikiem
Percentyl według liczby udzielonych odpowiedzi
Twoja historia wyników
Nie rozwiązałeś tego quizu